[Event "SLO-chT U16"]
[Site "Nova Gorica"]
[Date "2019.05.25"]
[Round "3"]
[White "Hiti, Erik"]
[Black "Marinc, Primoz"]
[Result "1/2-1/2"]
[WhiteElo "1559"]
[BlackElo "1426"]
[PlyCount "61"]
[EventDate "2019.05.24"]
[EventType "team-swiss"]
[EventRounds "5"]
[EventCountry "SLO"]
[SourceTitle "EXT 2020"]
[Source "ChessBase"]
[SourceDate "2019.10.17"]
[SourceVersion "1"]
[SourceVersionDate "2019.10.17"]
[SourceQuality "1"]

1. e4 e5 2. d4 exd4 3. c3 dxc3 4. Bc4 d6 5. Nxc3 Nf6 6. Nf3 Nc6 7. 0-0 Be7 8. Be3 0-0 9. h3 b6 10. Nd4 Nxd4 11. Bxd4 Bb7 12. Qc2 c5 13. Be3 a6 14. a4 Qc7 15. Rfd1 Rad8 16. Nd5 Nxd5 17. Bxd5 Bxd5 18. Rxd5 Rd7 19. Rad1 Rfd8 20. Bf4 Kh8 21. b3 Bf8 22. Qd3 a5 23. e5 g6 24. exd6 Qc6 25. Be5+ Bg7 26. Bxg7+ Kxg7 27. Kf1 Re8 28. Re1 Re6 29. Rd1 Kg8 30. Rd2 Kf8 31. Rd1 1/2-1/2

[Event "SLO-chT U16"]
[Site "Nova Gorica"]
[Date "2019.05.24"]
[Round "1"]
[White "Hiti, Erik"]
[Black "Stern, Urban"]
[Result "0-1"]
[WhiteElo "1559"]
[BlackElo "1765"]
[PlyCount "72"]
[EventDate "2019.05.24"]
[EventType "team-swiss"]
[EventRounds "5"]
[EventCountry "SLO"]
[SourceTitle "EXT 2020"]
[Source "ChessBase"]
[SourceDate "2019.10.17"]
[SourceVersion "1"]
[SourceVersionDate "2019.10.17"]
[SourceQuality "1"]

1. e4 c5 2. Nc3 Nc6 3. f4 g6 4. Nf3 Bg7 5. Bb5 Nd4 6. d3 Qa5 7. Bc4 Nxf3+ 8. gxf3 b5 9. Bd5 Rb8 10. Bd2 e6 11. Bb3 Qc7 12. a4 b4 13. Nb5 Qb6 14. e5 Bf8 15. Be3 Nh6 16. Nd6+ Bxd6 17. exd6 Qxd6 18. Qe2 Nf5 19. Bd2 Nd4 20. Qe3 Bb7 21. Rf1 Qe7 22. 0-0-0 d6 23. Rf2 Bc6 24. Rdf1 Qd7 25. a5 Ba4 26. Kd1 Bxb3 27. cxb3 Qb5 28. f5 Nxf5 29. Qe4 Qxa5 30. Qc6+ Ke7 31. Qa4 Qb5 32. Qxa7+ Rb7 33. Qa4 Qxd3 34. Re1 Nd4 35. Re3 Qc2+ 36. Ke1 Qb1+ 0-1

[Event "SLO-chT U16"]
[Site "Murska Sobota"]
[Date "2018.05.13"]
[Round "4"]
[White "Hiti, Erik"]
[Black "Jersic, Aleks"]
[Result "1/2-1/2"]
[WhiteElo "1494"]
[BlackElo "1685"]
[PlyCount "74"]
[EventDate "2018.05.11"]
[EventType "team-swiss"]
[EventRounds "5"]
[EventCountry "SLO"]
[SourceTitle "EXT 2020"]
[Source "ChessBase"]
[SourceDate "2019.10.17"]
[SourceVersion "1"]
[SourceVersionDate "2019.10.17"]
[SourceQuality "1"]

1. e4 e6 2. d4 d5 3. Nc3 Bb4 4. exd5 exd5 5. Bd3 h6 6. Nge2 Nf6 7. 0-0 0-0 8. h3 Bxc3 9. bxc3 c6 10. c4 Nbd7 11. c3 Nb6 12. c5 Nc4 13. Ng3 Be6 14. f4 Qc7 15. Qf3 Rfe8 16. f5 Bd7 17. Bf4 Qa5 18. Bxc4 dxc4 19. Be5 Nd5 20. f6 g6 21. Ne4 Rf8 22. g4 Kh8 23. Kh2 Be6 24. Rfc1 b5 25. a3 a6 26. Qe2 Qd8 27. Qd2 Kh7 28. Rf1 Qd7 29. Rg1 Nc7 30. g5 h5 31. Qe3 Rh8 32. Rg3 Bd5 33. Nd6 Ne8 34. Nxe8 Rhxe8 35. Qf2 a5 36. Rb1 a4 37. Re1 Qf5 1/2-1/2

[Event "SLO-chT U16"]
[Site "Murska Sobota"]
[Date "2018.05.12"]
[Round "3"]
[White "Perme, Martin"]
[Black "Hiti, Erik"]
[Result "1-0"]
[WhiteElo "1197"]
[BlackElo "1494"]
[PlyCount "67"]
[EventDate "2018.05.11"]
[EventType "team-swiss"]
[EventRounds "5"]
[EventCountry "SLO"]
[SourceTitle "EXT 2020"]
[Source "ChessBase"]
[SourceDate "2019.10.17"]
[SourceVersion "1"]
[SourceVersionDate "2019.10.17"]
[SourceQuality "1"]

1. e4 d6 2. d4 g6 3. Be2 Bg7 4. c3 Nf6 5. Qc2 Nbd7 6. Be3 0-0 7. Nf3 e5 8. Nbd2 Ng4 9. h3 Nxe3 10. fxe3 a6 11. 0-0 Qe7 12. Rf2 Nb6 13. Raf1 Bd7 14. Nh2 f6 15. Bg4 Rf7 16. Qb3 Kh8 17. Bxd7 Qxd7 18. Ndf3 h6 19. Nh4 Kh7 20. Ng4 Raf8 21. dxe5 Re8 22. Nxf6+ Bxf6 23. Rxf6 Rxf6 24. Rxf6 d5 25. Nxg6 Kg7 26. Qb4 Qd8 27. Qd4 c5 28. Qd3 Qc7 29. Qf1 Nc4 30. e6 Nd6 31. Qf4 Qd8 32. e7 Rxe7 33. Nxe7 Qxe7 34. Qxh6+ 1-0

[Event "SLO-ch U14"]
[Site "Ptuj"]
[Date "2017.02.28"]
[Round "5"]
[White "Kajtna, Klemen"]
[Black "Hiti, Erik"]
[Result "0-1"]
[WhiteElo "1193"]
[BlackElo "1541"]
[PlyCount "120"]
[EventDate "2017.02.25"]
[EventType "swiss"]
[EventRounds "9"]
[EventCountry "SLO"]
[SourceTitle "CBM 177 Extra"]
[Source "ChessBase"]
[SourceDate "2017.04.27"]
[SourceVersion "1"]
[SourceVersionDate "2017.04.27"]
[SourceQuality "1"]

1. e4 d6 2. Nf3 g6 3. Be2 Bg7 4. c3 Nf6 5. d3 0-0 6. Bg5 h6 7. Bxf6 Bxf6 8. Qd2 Bg7 9. h3 e5 10. Nh2 Nc6 11. f4 Qh4+ 12. Kd1 Qxf4 13. Qxf4 exf4 14. Kc2 f5 15. Nd2 Bd7 16. Raf1 g5 17. exf5 Bxf5 18. Bf3 Rae8 19. Bxc6 bxc6 20. Re1 Kf7 21. Rhf1 Rxe1 22. Rxe1 Re8 23. Rxe8 Kxe8 24. Nc4 Kd7 25. Kd2 Be6 26. b3 d5 27. Nb2 c5 28. Nd1 c4 29. d4 cxb3 30. axb3 Kd6 31. b4 Bf5 32. Nf2 Bg6 33. Nf3 Be4 34. Nd3 c6 35. Nc5 Bf6 36. Nb7+ Kc7 37. Nc5 Kd6 38. Nb7+ Ke7 39. Na5 Bxf3 40. gxf3 Kd7 41. Nb7 Be7 42. Nc5+ Bxc5 43. dxc5 Ke6 44. Kd3 Ke5 45. c4 a6 46. cxd5 Kxd5 47. Kc3 a5 48. bxa5 Kxc5 49. a6 Kb6 50. Kd4 Kxa6 51. Ke4 c5 52. h4 c4 53. hxg5 hxg5 54. Kd4 Kb5 55. Kc3 Kc5 56. Kc2 Kd4 57. Kd2 c3+ 58. Kc2 Ke3 59. Kxc3 Kxf3 60. Kd2 Kg2 0-1

[Event "Ljubljana-chT 70th"]
[Site "Ljubljana"]
[Date "2017.01.26"]
[Round "3.4"]
[White "Vujic, Nikola"]
[Black "Hiti, Erik"]
[Result "1/2-1/2"]
[WhiteElo "1529"]
[BlackElo "1541"]
[PlyCount "97"]
[EventDate "2017.01.12"]
[EventType "team-tourn"]
[EventRounds "9"]
[EventCountry "SLO"]
[SourceTitle "EXT 2019"]
[Source "ChessBase"]
[SourceDate "2018.10.10"]
[SourceVersion "1"]
[SourceVersionDate "2018.10.10"]
[SourceQuality "1"]
[WhiteTeam "Ig"]
[BlackTeam "Domzale"]
[WhiteTeamCountry "SLO"]
[BlackTeamCountry "SLO"]

1. d4 Nf6 2. Nc3 d5 3. Bf4 a6 4. Nf3 Nc6 5. h3 g6 6. e3 Bg7 7. Be2 0-0 8. Ne5 Bd7 9. g4 e6 10. Nxd7 Qxd7 11. h4 Ne4 12. a3 Nxc3 13. bxc3 b5 14. h5 e5 15. Bg3 Rad8 16. Kd2 f5 17. hxg6 hxg6 18. gxf5 Qxf5 19. Bg4 Qf7 20. Qf1 Rfe8 21. Qh3 Bf6 22. Raf1 Re7 23. f4 exd4 24. cxd4 Rde8 25. Rf3 Qg7 26. f5 Nxd4 27. exd4 Bg5+ 28. Kc3 Re3+ 29. Kb2 Qxd4+ 30. Kb1 Re1+ 31. Rxe1 Rxe1+ 32. Bxe1 Qd1+ 33. Kb2 Qc1+ 34. Kb3 Qb1+ 35. Kc3 Qa1+ 36. Kd3 Qd1+ 37. Kc3 d4+ 38. Kb4 Qxe1+ 39. Kc5 Qe5+ 40. Kb4 Qe1+ 41. Kc5 Qe7+ 42. Kxd4 c5+ 43. Kd5 Qd7+ 44. Ke5 Qd4+ 45. Ke6 Qe4+ 46. Kd6 Be7+ 47. Kd7 Qb7+ 48. Ke6 Qe4+ 49. Kd7 1/2-1/2